Statistics for U.S. States with the Most Expensive Home Prices

Click here to take the quiz!

General Stats

  • This quiz has been taken 86,753 times
    (16,881 since last reset)
  • The average score is 8 of 10

Answer Stats

ValueState% Correct
$750,709California
99%
$450,431New York
98%
$563,764Washington
89%
$828,058Hawaii
80%
$480,428Oregon
80%
$586,204Massachusetts
77%
$497,292New Jersey
76%
$527,413Colorado
60%
$445,263New Hampshire
58%
$501,653Utah
49%

Score Distribution

Percentile by Number Answered

Percent of People with Each Score

Your Score History

You have not taken this quiz since the last reset